La seguridad industrial (Registro nro. 2979)
[ vista simple ]
| 000 -CABECERA | |
|---|---|
| Longitud fija campo de control | 01020cam a2200265u 4500 |
| 001 - NÚMERO DE CONTROL | |
| Número de control | 9108279 |
| 003 - IDENTIFICADOR DELl NÚMERO DE CONTROL | |
| Identificador del número de control | OSt |
| 005 - FECHA Y HORA DE LA ÚLTIMA TRANSACCIÓN | |
| Fecha y hora de la última transacción | 20131014173448.0 |
| 008 - CÓDIGOS DE INFORMACIÓN DE LONGITUD FIJA | |
| Códigos de información de longitud fija | 850702n xx || ||||||| 0 |spa| |
| 020 ## - NÚMERO INTERNACIONAL NORMALIZADO PARA LIBROS | |
| Número Internacional Normalizado para Libros (ISBN) | 968-6223-23-1 |
| 040 ## - FUENTE DE LA CATALOGACIÓN | |
| Centro catalogador de origen | DLC |
| Centro transcriptor | BMC |
| 082 ## - NÚMERO DE LA CLASIFICACIÓN DECIMAL DEWEY | |
| Númeroo de clasificación | 613.062068 |
| 100 1# - PUNTO DE ACCESO PRINCIPAL-NOMBRE DE PERSONA | |
| 9 (RLIN) | 6906 |
| Nombre de persona | Grimaldi, John V. |
| 245 13 - MENCIÓN DE TÍTULO | |
| Título | La seguridad industrial |
| Resto del título | : su administración |
| Mención de responsabilidad, etc. | John V. Grimaldi, Rollin H. Simonds ; [versión en español y adaptación técnica, Isidro Saldaña Durán] |
| 250 ## - MENCIÓN DE EDICIÓN | |
| Mención de edición | 2ª ed |
| 260 ## - PUBLICACIÓN, DISTRIBUCIÓN, ETC. (PIE DE IMPRENTA) | |
| Lugar de publicación, distribución, etc. | México, D.F. |
| Nombre del editor, distribuidor, etc. | Alfaomega |
| Fecha de publicación, distribución, etc. | 1991 |
| 300 ## - DESCRIPCIÓN FÍSICA | |
| Extensión | 743 p. |
| Otras características físicas | il. |
| Dimensiones | 23 cm |
| Material anejo | + 1 h. pleg. |
| 500 ## - NOTA GENERAL | |
| Nota general | Índice p. 721-743 |
| 500 ## - NOTA GENERAL | |
| Nota general | La hoja plegable contiene el cuadro de ratificaciones de convenios internacionales del trabajo por países. |
| 595 ## - NOTA DE EDICIÓN E HISTORIA BIBLIOGRÁFICA | |
| Nota de edición e historia bibliográfica | Obra titulada originalmente en inglés Safety Management por John V. Grimaldi y Rollin H. Simonds |
| 650 24 - PUNTO DE ACCESO ADICIONAL DE MATERIA - TÉRMINO DE MATERIA | |
| 9 (RLIN) | 6905 |
| Término de materia o nombre geográfico como elemento inicial | Seguridad industrial |
| Subdivisión de materia general | Gestión |
| 700 1# - PUNTO DE ACCESO ADICIONAL - NOMBRE DE PERSONA | |
| 9 (RLIN) | 6907 |
| Nombre de persona | Simonds, Rollin H. |
| 700 1# - PUNTO DE ACCESO ADICIONAL - NOMBRE DE PERSONA | |
| 9 (RLIN) | 6949 |
| Nombre de persona | Saldaña Durán, Isidro |
| 942 ## - ENTRADA DE ELEMENTOS AGREGADOS (KOHA) | |
| Fuente de clasificaión o esquema | Dewey Decimal Classification |
| Koha [por defecto] tipo de item | 1- Monografias |
| Suprimido | Perdido | Fuente de clasificación o esquema | Estropeado | Restricciones de uso | No para préstamo | Código de colección | Localización permanente | Localización actual | Localización en estanter&íacute;as | Fecha adquisición | Fuente de adquisición | Número de inventario | Préstamos totales | Renovaciones totales | Signatura completa | Código de barras | Fecha última consulta | Fecha último préstamo | Coste, precio reemplazado | Fecha del precio de reemplazo | Tipo de item de Koha |
|---|---|---|---|---|---|---|---|---|---|---|---|---|---|---|---|---|---|---|---|---|---|
| NULL | NULL | Dewey Decimal Classification | NULL | Prestable | NULL | NULL | Biblioteca Miguel de Cervantes - UNICAES | Biblioteca Miguel de Cervantes - UNICAES | Sala Principal | 14/10/2013 | Donación - COREI | 004262 | 3 | 1 | 613.062 GRI seg | 1004262 | 14/05/2019 | 11/05/2019 | 24.40 | 14/10/2013 | 1- Monografias |
| NULL | NULL | Dewey Decimal Classification | NULL | Prestable | NULL | NULL | Biblioteca Miguel de Cervantes - UNICAES | Biblioteca Miguel de Cervantes - UNICAES | Sala Principal | 14/10/2013 | Donación - COREI | 004263 | 4 | 613.062 GRI seg | 1004263 | 22/09/2025 | 22/09/2025 | 24.40 | 14/10/2013 | 1- Monografias | |
| NULL | NULL | Dewey Decimal Classification | NULL | Prestable | NULL | NULL | Biblioteca Miguel de Cervantes - UNICAES | Biblioteca Miguel de Cervantes - UNICAES | Sala Principal | 14/10/2013 | Donación - Facultad de Ingenieria y Arquitectura | 004264 | 3 | 613.062 GRI seg | 1004264 | 26/09/2017 | 26/09/2017 | 24.40 | 14/10/2013 | 1- Monografias |